[Event "Kavala op-B 33rd"]
[Site "Kavala"]
[Date "2024.08.05"]
[Round "9"]
[White "Alpaslan, Utku"]
[Black "Kalomiris, Athanasios"]
[Result "1-0"]
[WhiteElo "1883"]
[BlackElo "1943"]
[PlyCount "71"]
[EventDate "2024.07.29"]
[EventType "swiss"]
[EventRounds "9"]
[EventCountry "GRE"]
[SourceTitle "EXT 2025"]
[Source "ChessBase"]
[SourceDate "2024.10.14"]
[SourceVersion "1"]
[SourceVersionDate "2024.10.14"]
[SourceQuality "1"]

1. e4 c5 2. Nf3 d6 3. Bb5+ Bd7 4. Bxd7+ Qxd7 5. 0-0 Nf6 6. Re1 e6 7. c3 Nc6 8. d4 cxd4 9. cxd4 d5 10. e5 Ne4 11. Nbd2 Nxd2 12. Bxd2 Be7 13. Rc1 0-0 14. a3 Rfc8 15. Rc3 Bd8 16. Rd3 Ne7 17. Nh4 Rc4 18. Qg4 Rac8 19. Rg3 Ng6 20. Nf3 Be7 21. h4 Bf8 22. h5 Ne7 23. Nh4 Nf5 24. Nxf5 exf5 25. Qg5 Rxd4 26. Bb4 Rg4 27. Rxg4 fxg4 28. h6 Qd8 29. Qxg4 Rc4 30. Qg3 g6 31. e6 fxe6 32. Qe5 Qc7 33. Qxe6+ Qf7 34. Qe8 Rc7 35. Qb8 Qf4 36. Bxf8 1-0

[Event "Kavala op-B 33rd"]
[Site "Kavala"]
[Date "2024.08.04"]
[Round "8"]
[White "Alpaslan, Utku"]
[Black "Tsamtsouris, Efthymios"]
[Result "1-0"]
[WhiteElo "1883"]
[BlackElo "1865"]
[PlyCount "119"]
[EventDate "2024.07.29"]
[EventType "swiss"]
[EventRounds "9"]
[EventCountry "GRE"]
[SourceTitle "EXT 2025"]
[Source "ChessBase"]
[SourceDate "2024.10.14"]
[SourceVersion "1"]
[SourceVersionDate "2024.10.14"]
[SourceQuality "1"]
[WhiteTeam "TUR"]
[BlackTeam "GRE"]

1. e4 d6 2. d4 Nf6 3. Nc3 g6 4. f4 Bg7 5. Nf3 0-0 6. e5 Nfd7 7. Bc4 e6 8. Be3 d5 9. Be2 b6 10. Qd2 c5 11. Nb5 cxd4 12. Nfxd4 Ba6 13. Bf3 Bxb5 14. Nxb5 a6 15. Nd4 Ra7 16. h4 Rc7 17. h5 Nc6 18. hxg6 hxg6 19. g4 Nxd4 20. Bxd4 f6 21. exf6 Nxf6 22. Bxb6 Nd7 23. Bxc7 Qxc7 24. 0-0-0 Rb8 25. c3 Qa5 26. Bxd5 exd5 27. Qxd5+ Qxd5 28. Rxd5 Nb6 29. Rd3 Na4 30. Rh2 g5 31. fxg5 Rb5 32. g6 Bf6 33. Re2 Bg5+ 34. Kb1 Bf6 35. Kc1 Bg5+ 36. Kb1 Bf6 37. Rc2 Nxc3+ 38. Rcxc3 Bxc3 39. Rxc3 Rb6 40. Rc4 Kg7 41. Kc2 Kxg6 42. Kc3 Kg5 43. b4 Rf6 44. a4 Rf3+ 45. Kd4 Rf8 46. b5 axb5 47. axb5 Kxg4 48. b6 Kf5 49. b7 Rb8 50. Rc7 Ke6 51. Kc5 Rd8 52. Rc8 Rd5+ 53. Kc4 Rd1 54. b8Q Rc1+ 55. Kd3 Rd1+ 56. Ke2 Rd5 57. Rc6+ Kf5 58. Qf8+ Ke4 59. Qf3+ Ke5 60. Qf6+ 1-0

[Event "Kavala op-B 33rd"]
[Site "Kavala"]
[Date "2024.08.03"]
[Round "7"]
[White "Christodoulou, Panormitis"]
[Black "Alpaslan, Utku"]
[Result "0-1"]
[WhiteElo "2052"]
[BlackElo "1883"]
[PlyCount "105"]
[EventDate "2024.07.29"]
[EventType "swiss"]
[EventRounds "9"]
[EventCountry "GRE"]
[SourceTitle "EXT 2025"]
[Source "ChessBase"]
[SourceDate "2024.10.14"]
[SourceVersion "1"]
[SourceVersionDate "2024.10.14"]
[SourceQuality "1"]

1. e4 c6 2. Nf3 d5 3. Nc3 Bg4 4. h3 Bxf3 5. Qxf3 e6 6. g3 Nf6 7. Bg2 dxe4 8. Nxe4 Nxe4 9. Qxe4 Qd5 10. 0-0 Qxe4 11. Bxe4 Nd7 12. d4 Nf6 13. Bf3 0-0-0 14. Rd1 h6 15. c4 Bd6 16. Be3 Bc7 17. Rac1 Kb8 18. b4 Bd6 19. Rb1 a6 20. a4 e5 21. dxe5 Bxe5 22. Rxd8+ Rxd8 23. b5 cxb5 24. axb5 a5 25. c5 Rd3 26. c6 Nd5 27. cxb7 Nxe3 28. fxe3 Rxe3 29. Kg2 Rd3 30. b6 Bc3 31. Rb5 Rd2+ 32. Kh1 Rf2 33. Bg2 Bb4 34. Re5 Rxg2 35. Kxg2 Kxb7 36. Rb5 Bc3 37. Kf3 a4 38. Rc5 Bb2 39. Ke4 a3 40. Ra5 Kxb6 41. Ra8 Kb7 42. Ra4 Kc6 43. h4 Kb5 44. Ra8 Kc4 45. Rc8+ Kb4 46. Ra8 Kc3 47. Kd5 Kb3 48. g4 a2 49. Rxa2 Kxa2 50. Kd6 Bf6 51. h5 Bg5 52. Kd7 f6 53. Ke6 0-1

[Event "TUR-ch U13/18"]
[Site "Antalya"]
[Date "2023.01.28"]
[Round "10"]
[White "Bozkurt, Suleyman Safa"]
[Black "Alpaslan, Utku"]
[Result "1-0"]
[WhiteElo "1463"]
[BlackElo "1765"]
[PlyCount "53"]
[EventDate "2023.01.17"]
[EventType "swiss"]
[EventRounds "10"]
[EventCountry "TUR"]
[SourceTitle "EXT 2024"]
[Source "ChessBase"]
[SourceDate "2023.10.10"]
[SourceVersion "1"]
[SourceVersionDate "2023.10.10"]
[SourceQuality "1"]

1. e4 c5 2. c3 Nf6 3. e5 Nd5 4. Nf3 Nc6 5. d4 cxd4 6. cxd4 d6 7. Bc4 dxe5 8. dxe5 Be6 9. 0-0 g6 10. Qb3 Qd7 11. Rd1 Na5 12. Bb5 Nxb3 13. Bxd7+ Bxd7 14. axb3 Be6 15. Ra5 Nc7 16. Nd4 Bg7 17. Nxe6 fxe6 18. f4 a6 19. Rc5 Nd5 20. Nc3 Nb4 21. Rc7 b5 22. Rdd7 Bf8 23. Be3 Rd8 24. Rxd8+ Kxd8 25. Ra7 Ke8 26. Ne4 Nd5 27. Bd2 1-0